Statystyki dla Quiz o Realu Madryt #1

Kliknij tutaj aby rozwiązać quiz!

Ogólne statystyki

  • Ten quiz został rozwiązany 464 razy
    (370 od ostatniego zresetowania)
  • Średni wynik to 18 z 23

Statystyki odpowiedzi

PytanieOdpowiedź% Poprawnych
Najwięcej goliCristiano Ronaldo
96%
Największy rywalFC Barcelona
92%
Najlepszy aktualnie grający w RM środkowy napastnikKarim Benzema
90%
Najdroższy transferEden Hazard
89%
Największy niewypał transferowyEden Hazard
89%
GolfistaGareth Bale
89%
PolakJerzy Dudek
88%
Ile Real Madryt wygrał ligi mistrzów13
87%
Przydomek Klubu na litere ''K''Królewscy
87%
Lokalny rywalAtletico Madryt
85%
Najdłużej grający bramkarzIker Casillas
84%
Marzenie transferowe kibicówKylian Mbappe
83%
Aktualnie broniący bramkarzThibaut Courtois
81%
Rok założenia1902
78%
PrezesFlorentino Perez
73%
Polak (był w juniorach)Kamil Glik
72%
Najwięcej występówRaul Gonzalez
66%
Przydomek Klubu nawiązujący do najlepszych czasówGalacticos
63%
Aktualny trenerCarlo Ancelotti
62%
Japoński piłkarz realu na wypożyczeniuTakefusa Kubo
62%
Aktualny piłkarz realu, trafił do drużyny w wieku 15 latVinicius Junior
59%
KapitanMarcelo
57%
Ostatni transfer (na date 19.02.22}Eduardo Camavinga
41%

Rozkład punktacji

Percentyl według liczby udzielonych odpowiedzi

Procent ludzi z każdym wynikiem

Twoja historia wyników

Nie rozwiązałeś tego quizu od ostatniego zresetowania